000 00404nam a22001697a 4500
003 MPLRDC
005 20220104124430.0
008 210129b ||||| |||| 00| 0 eng d
020 _a9971-906-49-7
082 _a859.6 SHSJ v.3
100 _a人光出版社编辑
245 _a小儿城
_c
260 _a
_b上海书局
_c1986
300 _b
650 _a儿童故事
942 _cBK
_o859.6 SHSJ v.3
999 _c19281
_d19271